| 000 | 00642nam a2200229Ia 4500 | ||
|---|---|---|---|
| 003 | 0100 | ||
| 008 | 130227s9999 xx 000 0 und d | ||
| 040 | _cARRUPELIB | ||
| 050 | _aK460.M87 | ||
| 100 | _aMurphy, Mark C. | ||
| 245 | _aNatural law in jurisprudence and politics | ||
| 260 | _aCambridge | ||
| 260 | _bCambridge University Press | ||
| 260 | _C2006 | ||
| 300 | _a188p. | ||
| 300 | _b 23 cm | ||
| 440 | _aCambridge studies in philosophy and law | ||
| 650 | _bIgbo (African people) - History | ||
| 650 | _cIgbo (African people) - Social life and customs | ||
| 650 | _dIgbo (African people) - Politics | ||
| 942 |
_2lcc _04 |
||
| 999 |
_c2860 _d2860 |
||